| 000 | 00000nam##2200000za#4500 |
| 001 | 9.573390 |
| 003 | CaOODSP |
| 005 | 20210624183700 |
| 007 | cr ||||||||||| |
| 008 | 150406|2000||||xxc|||||o f|0| 0 eng|d |
| 040 | |aCaOODSP|beng |
| 043 | |an-cn--- |
| 086 | 1 |aNH14-1/0384E-PDF |
| 110 | 2 |aCanada Mortgage and Housing Corporation. |
| 245 | 10|aBringing computers into the permitting process, Strathcona County, Alberta / |h[electronic resource]|cwritten by Rowena E. Moyes. |
| 260 | |aOttawa - Ontario : |bCanada Mortgage and Housing Corporation |c[2000?]. |
| 300 | |a22p.|bfigs., photographs |
| 490 | 1 |aAffordability and Choice Today (ACT) regulatory reform project |
| 590 | |a12-31-Supp|b2012-07-06 |
| 720 | 1 |aMoyes, Rowena E. |
| 775 | 08|tAutomatisation du processus d'émission de permis Strathcona County (Alberta) / |w(CaOODSP)9.603559 |
| 776 | 0#|tBringing computers into the permitting process, Strathcona County, Alberta / |w(CaOODSP)9.534762 |
| 776 | 0#|tAutomatisation du processus d'émission de permis, Strathcona County (Alberta) / |w(CaOODSP)9.534763 |
| 830 | #0|aAffordability and Choice Today (ACT) regulatory reform project.|w(CaOODSP)9.506898 |
| 856 | 40|ahttp://publications.gc.ca|qPDF|s772 KB|uhttps://publications.gc.ca/collections/Collection/NH14-1-0384E.pdf |